Emerging scenario of Indian banking sector / (Record no. 81182)

MARC details
000 -LEADER
fixed length control field 00641nam a22001937a 4500
005 - DATE AND TIME OF LATEST TRANSACTION
control field 20131217150014.0
010 ## - LCCN (DPL NO)
LC control number ENG-108842
020 ## - INTERNATIONAL STANDARD BOOK NUMBER
International Standard Book Number 9789381176382
Terms of availability 995.00
035 ## - SYSTEM CONTROL NUMBER
System control number EN-92375
037 ## - SOURCE OF ACQUISITION
Source of stock number/acquisition DBAD/PUB
082 ## - DEWEY DECIMAL CLASSIFICATION NUMBER
Classification number 332.170954
100 ## - MAIN ENTRY--PERSONAL NAME
Personal name Nayak, Niranjan
245 ## - TITLE STATEMENT
Title Emerging scenario of Indian banking sector /
Statement of responsibility, etc by Niranjan Nayak
260 ## - PUBLICATION, DISTRIBUTION, ETC. (IMPRINT)
Place of publication, distribution, etc New Delhi
Name of publisher, distributor, etc SSDN Publishers and Distributors
Date of publication, distribution, etc 2012
270 ## - ADDRESS
Address 5A, Sahni Mansion, Ansari Road Daryaganj
City New Delhi
Postal code 110002
300 ## - PHYSICAL DESCRIPTION
Extent xiii,349p.
Dimensions 22cm(Hb)
500 ## - GENERAL NOTE
General note Includes bibliographical references and index
942 ## - ADDED ENTRY ELEMENTS (KOHA)
Source of classification or shelving scheme Dewey Decimal Classification
Item type English Books
Call number suffix NAY
Classification part 332.170954
Holdings
Withdrawn status Lost status Not for loan Collection code Home library Current library Date acquired Source of acquisition Cost, normal purchase price Full call number Barcode Copy number Cost, replacement price Koha item type
    Not For Loan Non-fiction D.B.Act.Division D.B.Act.Division 17/12/2013 DBAD/PUB 995.00 332.170954 NAY EN-92375 1 995.00 English Books

© Delhi Public Library
Hit Counter
free hit counter